000 00432nam a2200145Ia 4500
008 211109s9999||||xx |||||||||||||| ||und||
082 _a823.2
_bDIC-D
100 _aDickens, Charles
245 0 _aDavid Copperfield
260 _bLongmans, Green and Co. Ltd
_aToronto
_c1946
300 _a156p.
630 _xGeneral Stack
650 _aEnglish Literature
_vEnglish FictionEnglish NovelEngish Short Stories
_xGeneralia
942 _cBOOK
999 _c14607
_d14607